| 000 | 00664nam a2200241Ia 4500 | ||
|---|---|---|---|
| 003 | OSt | ||
| 005 | 20221005130440.0 | ||
| 006 | a|||||r|||| 00| 0 | ||
| 007 | ta | ||
| 008 | 221004b |||||||| |||| 00| 0 eng d | ||
| 024 | _a67915 | ||
| 037 | _cTextual | ||
| 040 |
_aCRL _cCRL _beng |
||
| 041 |
_2eng _aeng |
||
| 082 | _aX9MJ75:76tN71, L1 | ||
| 110 | _aIndia, Tariff Commission. | ||
| 245 | 0 |
_aReport on the price structure of different varienties of jute goods _b Bombay 1971 |
|
| 260 | _c1971 | ||
| 650 | _aECONOMICS | ||
| 700 | _aIndia, Tariff Commission. | ||
| 942 |
_hX9MJ75:76tN71, L1 _cTEXL _2cc |
||
| 999 |
_c1057279 _d1057279 |
||